Reading keys : Skills and strategies for effective reading / (Record no. 8744)

MARC details
000 -LEADER
fixed length control field 01179nam a22002057a 4500
001 - CONTROL NUMBER
control field 8744
003 - CONTROL NUMBER IDENTIFIER
control field FISKH
005 - DATE AND TIME OF LATEST TRANSACTION
control field 20251016141907.0
008 - FIXED-LENGTH DATA ELEMENTS--GENERAL INFORMATION
fixed length control field 251016b cb ||||| |||| 00| 0 eng d
020 ## - INTERNATIONAL STANDARD BOOK NUMBER
International Standard Book Number 9780230724778
040 ## - CATALOGING SOURCE
Original cataloging agency FISKH
Language of cataloging eng
Transcribing agency FISKH
Modifying agency FISKH
082 ## - DEWEY DECIMAL CLASSIFICATION NUMBER
Classification number 428.4
100 ## - MAIN ENTRY--PERSONAL NAME
Personal name Miles Craven
245 ## - TITLE STATEMENT
Title Reading keys : Skills and strategies for effective reading /
Statement of responsibility, etc. Miles Craven
260 ## - PUBLICATION, DISTRIBUTION, ETC.
Place of publication, distribution, etc. New York :
Name of publisher, distributor, etc. Macmillan,
Date of publication, distribution, etc. 2009.
300 ## - PHYSICAL DESCRIPTION
Extent 156 pages :
Other physical details color illustrations ;
Dimensions 26 cm
520 ## - SUMMARY, ETC.
Summary, etc. Reading Keys Level 1 Student Book (New Edition) by Miles Craven is a skills-based reading course designed for adult and young adult learners of English at beginner to pre-intermediate levels. The book features 16 topic-based units organized under engaging themes, offering authentic reading texts, vocabulary development, comprehension practice, and grammar support through its “Spotlight on Grammar” sections.<br/>It aims to help learners build confidence, expand vocabulary, and strengthen reading strategies such as skimming, scanning, and understanding main ideas—all within meaningful and motivating contexts.<br/>
942 ## - ADDED ENTRY ELEMENTS (KOHA)
Source of classification or shelving scheme Dewey Decimal Classification
Koha item type Books
Suppress in OPAC No
Holdings
Withdrawn status Lost status Source of classification or shelving scheme Damaged status Not for loan Collection Home library Current library Shelving location Date acquired Total Checkouts Full call number Barcode Date last seen Copy number Price effective from Koha item type
    Dewey Decimal Classification     Reference Footprints International School Library Network Toul Kork Campus Footprints International School Library Network Toul Kork Campus Librarian's Shelf TK 10/16/2025   CRA 428.4 PZ7 2025-4642 10/16/2025 1 10/16/2025 Books